000 00484cam a2200205ua 4500
001 7054
005 20260515114139.0
008 160729n ii |||gr||||Z||||||eng
020 _a9788123721644
040 _cMAIN
041 _aeng
082 _a328
100 _aKashyap, Subhash C.,
_eAuthor.,
245 _aAamar Sangsad
_cBy Subhash C. Kashyap
250 _a1st.
260 _aNew Delhi:
_bNational book,
_c2010.
300 _axii,247p.
653 _aParliament
942 _cBK
999 _c6179
_d6179